[Event "CZE-ch"]
[Site "Zlin"]
[Date "1997.??.??"]
[Round "7"]
[White "Haba, Petr"]
[Black "Velicka, Petr"]
[Result "0-1"]
[WhiteElo "2520"]
[BlackElo "2405"]
[Annotator "Huebner,R"]
[PlyCount "126"]
[EventDate "1997.06.12"]
[EventType "tourn"]
[EventRounds "11"]
[EventCountry "CZE"]
[EventCategory "10"]
[SourceTitle "CBM 061"]
[Source "ChessBase"]
[SourceDate "1997.11.23"]
[SourceVersion "1"]
[SourceVersionDate "1997.11.23"]
[SourceQuality "1"]

1. d4 {Hecht} d5 2. c4 c6 3. Nf3 Nf6 4. Nc3 a6 5. cxd5 cxd5 6. Bf4 Nc6 7. Ne5
e6 8. e3 Nxe5 9. Bxe5 Bd6 (9... Be7 10. Qb3 b5 11. Bd3 O-O 12. O-O Bd7 13. a4
b4 14. Bxf6 gxf6 15. Ne2 f5 16. a5 Bd6 17. Qd1 Kh8 18. Nc1 f4 19. Qh5 f5 20.
exf4 Bxf4 21. Nb3 Rg8 22. g3 Qf6 23. Kh1 Bd6 24. f4 Rg4 25. Be2 Be8 26. Qh3 Rg7
27. Qg2 h5 28. h4 Bc6 29. Qf2 Rag8 30. Rg1 Bb7 31. Rac1 Qd8 32. Kh2 Bc8 33. Kh1
Bb7 34. Kh2 Bc8 35. Kh1 {1/2-1/2 Khalifman,A-Gurevich,M/Reggio Emilia 1992/CBM
27}) 10. Bd3 O-O 11. O-O Qe7 (11... b5 12. Qc2 g6 13. e4 Bxe5 14. dxe5 Ng4 15.
exd5 exd5 16. Rae1 d4 17. Nd1 Re8 18. f4 Bd7 19. h3 Rc8 20. Qd2 Nh6 21. Nf2 f5
22. Rd1 Bc6 23. Bc2 Kg7 24. Bb3 a5 25. Qxd4 Qxd4 26. Rxd4 g5 27. fxg5 Nf7 28.
Bxf7 Kxf7 29. Nd3 Kg6 30. Rd6+ Kxg5 31. h4+ Kg4 32. Kh2 Be4 33. Rf4+ Kh5 34.
Rxe4 fxe4 35. Kh3 {1-0 Zeller,F-Hetey,L/GER-ch 1996/EXP 55}) 12. Bxd6 (12. Rc1
Bd7 13. Qf3 Bc6 14. Qg3 Rad8 15. Rc2 Ne8 16. Bxd6 Nxd6 17. Rfc1 Rc8 18. h3 h6
19. a3 Rfd8 20. Na2 Bd7 21. Qf3 Rxc2 22. Rxc2 Rc8 23. Qe2 Qd8 24. Rxc8 {
1/2-1/2 Schmidt,W-Seifert,H/POL-ch 1992/EXP 29}) 12... Qxd6 13. Qb3 b6 14. Na4
Nd7 15. Qc2 Nf6 16. Rfc1 Bd7 17. Qb3 Rfb8 18. Rc2 g6 19. Rac1 Kg7 20. a3 Ra7
21. h3 h5 22. Nc3 Rc8 23. Ne2 Rxc2 24. Qxc2 Ne8 25. Nf4 Rc7 26. Qb1 Rxc1+ 27.
Qxc1 Nc7 28. Bxg6 $2 {Dies ist ein tapferer Versuch; aber leider ist die
Kombination nicht korrekt.} fxg6 29. Qc2 e5 (29... Be8 $2 30. Qxc7+ Qxc7 31.
Nxe6+ {würde den Absichten des Weißen offenbar entgegenkommen.}) 30. dxe5 Qc6
$19 31. e6 Be8 ({Nach} 31... Qxc2 $2 32. exd7 g5 33. Nxh5+ Kh6 34. d8=Q Kxh5
35. Qd6 {hätte Weiß natürlich keine Sorgen.}) 32. Qd2 g5 33. Qd4+ Kg8 34. Nd3
Qxe6 35. h4 Nb5 36. Qa4 Qe4 37. Qb3 Qc4 38. Qd1 g4 39. Nf4 Bf7 40. f3 d4 41.
fxg4 Qb3 42. Qxb3 Bxb3 43. exd4 hxg4 44. Kf2 Nxd4 45. Kg3 Bd1 46. Nd5 Nf5+ 47.
Kf4 Nxh4 48. Ne3 Be2 49. Kg5 Nxg2 50. Nxg2 {[#] Hecht A strong bishop with an
extra pawn. The extra pawn can only be captured by abandoning the knight.
White's defense is based on the fact that the bishop has control of the wrong
color square for the a-pawn. For this reason, the knight should give up the
ghost. [#] Hecht starker Läufer mit Mehrbauer. Der Mehrbauer kann nur unter
Aufgabe des Springers erobert werden. Die weiße Verteidigung basiert auf dem
Umstand, daß der Läufer die falsche Felderfarbe bezogen auf den a-Bauern hat.
Dafür soll der Springer sein Leben aushauchen.} Bf1 51. Ne3 (51. Nh4 {Hecht} g3
52. Kf4 g2 53. Nf3 Kf7 54. Ke5 Ke7 55. Ng1 Kd7 56. Kd5 a5 57. Nf3 Be2 58. Ng1
Bg4 $19) 51... g3 52. Kf6 Kf8 {Hecht: Stay on the safe side! White is slowly
but surely outmaneuvered in a truly elegant manner. It would be interesting to
determine whether the simple ...g2 and possession of a passed pawn on the
queen's side would have won. As far as I can see, Black actually wins, not
discounting the possibilty of mistakes! Follow my attempts: HechtBleibt auf
der sicheren Seite! Weiß wird langsam aber sicher und recht elegant
ausmanövriert. Es ist interessant festzustellen, ob das simple g2 und
Behauptung eines Gewinnbauern am Damenflügel gewonnen hätte. Soweit ich sehen
kann, gewinnt Schwarz tatsächlich, Irrtum nicht ausgeschlossen!. Folgen Sie
meinen Versuchen:} (52... g2 $5 {Hecht} 53. Nxg2 Bxg2 54. Ke6 a5 (54... b5 55.
a4 (55. b4 Bf3 56. Kd6 Bd1 57. Kc5 Ba4 58. Kb6 Kf7 59. Kxa6 Ke6 $19 {We know
this procedure from Number 12. Dieses Verfahren kennen wir aus der Nr.12}) (55.
Kd6 Kf7 (55... a5 56. a4 b4 $2 (56... bxa4 $1 57. Kc5 Be4 58. Kb5 Bc2 59. Kxa5
Kf7 60. Kb4 Bb3 61. Kc3 Ke6 62. Kd2 Kd5 63. Kc1 Ba2 64. b4 (64. Kc2 Kc4 65. Kd2
Bb1 66. Kc1 Bh7 67. Kd2 Kb3 68. Kc1 Bc2 $19) 64... a3 $3 65. b5 Kc5 66. Kc2
Kxb5 67. Kc3 Kc5 $19) 57. Kc5 Be4 58. b3 Bc2 59. Kb5 Bxb3 60. Kxa5 $11) 56. Kc5
Ke6 57. Kb6 Kd5 58. Kxa6 Kc5 59. Ka5 Bc6 60. b3 Be8 61. Ka6 Bf7 62. b4+ Kc6 63.
Ka5 Bb3 $19) 55... Kf8 56. Kd6 Ke8 57. Kc5 Bf1 58. a5 Kd7 59. Kb6 Kd6 60. Kxa6
Kc5 61. Kb7 b4 62. a6 b3 63. a7 Kd4 $19) 55. a4 $1 (55. Kd6 $2 a4 56. Kc7 b5 (
56... Bd5 57. Kxb6 Bb3 {Even giving up the b-pawn wins. Proof: sogar die
Aufgabe des b-Bauern gewinnt. Beweis:} 58. Kc5 Kf7 59. Kd4 Ke6 60. Kc3 Kd5 61.
Kd2 Kd4 62. Kc1 Kd3 63. Kb1 Kd2 64. Ka1 Kd1 65. Kb1 Bc2+ 66. Ka1 Kc1 67. Ka2
Bb1+ 68. Ka1 Kc2 69. b4 axb3 70. a4 b2#) 57. Kb6 Bf1 $19) 55... Bc6 56. Kd6
Bxa4 57. Kc7 b5 58. Kb6 Kf7 59. Kxa5 Ke6 60. b3 $11) 53. Ke6 Bh3+ 54. Kd6 Kf7
55. Ke5 (55. Kc6 {Hecht} Ke6 56. Kxb6 Ke5 57. Kxa6 Ke4 58. Nd1 Kf3 $19) 55...
Bf1 56. Kd6 Kf6 57. Kd5 Bh3 58. Kd6 Bf5 59. Kd5 Bc8 60. Kd6 Bb7 61. Kc7 Bf3 62.
Kxb6 Ke5 63. Kxa6 Kf4 0-1

[Event "CZE-ch"]
[Site "Zlin"]
[Date "1997.??.??"]
[Round "1"]
[White "Meduna, Eduard"]
[Black "Haba, Petr"]
[Result "0-1"]
[WhiteElo "2460"]
[BlackElo "2520"]
[Annotator "Huebner,R"]
[PlyCount "78"]
[EventDate "1997.06.12"]
[EventType "tourn"]
[EventRounds "11"]
[EventCountry "CZE"]
[EventCategory "10"]
[SourceTitle "CBM 061"]
[Source "ChessBase"]
[SourceDate "1997.11.23"]
[SourceVersion "1"]
[SourceVersionDate "1997.11.23"]
[SourceQuality "1"]

1. d4 d5 2. c4 c6 3. cxd5 cxd5 4. Nf3 Nf6 5. Nc3 Nc6 6. Bf4 a6 7. Rc1 e6 (7...
Bf5 8. e3 e6 9. Ne5 Nxe5 10. Bxe5 Nd7 11. Bg3 Rc8 12. Bd3 Bxd3 13. Qxd3 Be7 14.
O-O O-O 15. Rc2 Qa5 {1/2-1/2 Andersson,U-Epishin,V/Ter Apel 1995/CBM 47}) 8. a3
Bd7 (8... Be7 9. e3 Nh5 10. Bg3 Nxg3 11. hxg3 Bd6 12. Bd3 g6 13. e4 dxe4 14.
Bxe4 Bd7 15. Qe2 Kf8 16. Rd1 Kg7 17. d5 exd5 18. Rxd5 Be6 19. Rd2 Na5 20. O-O
Qc7 {1/2-1/2 Bakic,R-Petronic,J/JUG-chT 1997/EXP 59}) 9. e3 Na5 10. Bd3 Rc8 11.
O-O Be7 12. Ne5 O-O 13. h3 Nc4 14. Qe2 b5 15. e4 Bc6 16. Nxc6 Rxc6 17. exd5
Nxd5 18. Nxd5 exd5 19. b3 $6 {Der Textzug dürfte zum Ausgleich genügen.} ({
Solider war aber} 19. Rfe1 Re6 (19... Bd6 20. Bxd6 (20. Qh5 g6 21. Qxd5 Bxf4
22. Qxc6 Bxc1 23. Rxc1 Nxb2 {ergibt Ausgleich.}) 20... Rxd6 21. b3 {mit
besseren Aussichten für Weiß.}) 20. Qc2 Rxe1+ 21. Rxe1 g6 22. a4 {Weiß steht
etwas besser.}) 19... Bxa3 20. bxc4 Bxc1 21. Rxc1 dxc4 22. Be4 Re6 23. Qf3 ({
Ungenügend ist der Versuch} 23. Be5 f6 24. Qh5 g6 25. Bxg6 Re7 $19) (23. Qc2
Qxd4 24. Bxh7+ Kh8 25. Be3 Rxe3 26. fxe3 Qxe3+ 27. Kh1 g6 {ist ebensowenig
erstrebenswert für Weiß.}) 23... Qxd4 24. Bf5 Rf6 25. Bg5 Qb2 26. Re1 (26. Qe4
{kam in Betracht:} g6 27. Rb1 Qc3 (27... gxf5 28. Rxb2 fxe4 29. Bxf6 {überläßt
dem Weißen die besseren Aussichten.}) ({Nach} 27... Qxb1+ 28. Qxb1 Rxf5 29. Bh6
{erhält Weiß gefährliche Drohungen.}) 28. Bxf6 Qxf6 29. Bg4 {mit unklarer Lage.
}) 26... Rd6 (26... Rb6 $5) 27. Be7 Qd2 28. Rb1 g6 29. Be4 Rd7 30. Bb4 Qd4 31.
Bc3 {Weiß versucht, einen Mattangriff auf der langen Diagonale aufzubauen.} (
31. Bxf8 Kxf8 32. Bc2 $14 (32. Bb7 Qb6 33. Qa3+ Kg8 34. Bxa6 Ra7 35. Ra1 b4 36.
Qa4 {dürfte eine Remisstellung ergeben.})) 31... Qb6 32. Bd5 Rfd8 {Schwarz hat
wohl nichts Besseres. Nach} (32... Rc8 33. Qe4 {muß er die Qualität auf d5
opfern; Weiß behält seinen drohenden Läufer.}) (32... Qd8 33. Bf6 {bringt ihn
auch nicht weiter.}) 33. Bxc4 Rc8 34. Be2 Rdc7 (34... Qc6 {mit Damentausch ist
für Schwarz jedenfalls ohne Risiko.}) 35. Be5 Rc2 (35... Rc1+ $5) 36. Bd3 Ra2
$2 {Dies ist ein Fehler; richtig war} (36... Rc1+) 37. Bc4 Qxf2+ 38. Qxf2 Rxf2
39. Kxf2 Rxc4 {Offenbar überschritt Weiß hier die Zeit; er hat inzwischen
einige Gewinnaussichten.} 0-1

[Event "FRA-ch Final stage"]
[Site "Besancon"]
[Date "1999.08.24"]
[Round "1.1"]
[White "Benitah, Yohan"]
[Black "Boudre, Jean Pierre"]
[Result "1-0"]
[WhiteElo "2381"]
[BlackElo "2397"]
[Annotator "Huebner,R"]
[PlyCount "41"]
[EventDate "1999.08.23"]
[EventType "k.o."]
[EventRounds "2"]
[EventCountry "FRA"]
[SourceTitle "CBM 073"]
[Source "ChessBase"]
[SourceDate "1999.12.01"]
[SourceVersion "1"]
[SourceVersionDate "1999.12.01"]
[SourceQuality "1"]

1. d4 d5 2. c4 c6 3. Nc3 Nf6 4. cxd5 cxd5 5. Bf4 Nc6 6. e3 a6 7. Be2 e6 8. Nf3
Be7 9. h3 O-O 10. O-O Bd7 11. Bd3 Rc8 12. Rc1 Qb6 13. Qe2 Nb4 (13... Rfd8) 14.
Bb1 Ne4 (14... Nc6) 15. Ne5 Nxc3 (15... Nf6) 16. bxc3 Bb5 17. Qh5 f5 (17... g6
18. Nxg6 fxg6 19. Bxg6) 18. cxb4 Bxf1 19. Rxf1 Qxb4 20. g4 g5 21. Bxg5 1-0

[Event "Nikolaev zt"]
[Site "Nikolaev"]
[Date "1995.??.??"]
[Round "3"]
[White "Borovikov, Vladislav"]
[Black "Koutsin, Sergey"]
[Result "1-0"]
[WhiteElo "2485"]
[BlackElo "2435"]
[Annotator "Huebner,R"]
[PlyCount "51"]
[EventDate "1995.03.??"]
[EventType "swiss"]
[EventRounds "11"]
[EventCountry "UKR"]
[SourceTitle "CBM 047"]
[Source "ChessBase"]
[SourceDate "1995.08.01"]
[SourceVersion "1"]
[SourceVersionDate "1995.08.01"]
[SourceQuality "1"]

1. d4 {Belov} d5 2. c4 c6 3. Nf3 Nf6 4. Nc3 a6 5. Ne5 Nbd7 (5... Bf5 $6 {Belov}
6. Qb3 b5 7. cxd5 cxd5 8. a4 bxa4 9. Qxa4+ Bd7 10. Nxd7 Nbxd7 11. Bg5 e6 12. e4
$1 dxe4 13. Bb5 Be7 14. Bxf6 Bxf6 $2 (14... gxf6 $16) 15. Nxe4 Bxd4 16. Bc6
Bxb2 17. Rd1 Ra7 18. Bxd7+ $18 {Yermolinsky,A-Rohwer,P/Philadelphia op(1)/1992/
1:0/18/}) (5... g6 {Belov} 6. cxd5 (6. Bf4 Bg7 7. e3 Nh5 8. Bg3 Nxg3 9. hxg3
Nd7 10. Nxd7 Qxd7 11. cxd5 cxd5 12. Qb3 e6 13. Na4 $14 {Alterman,B-Titov,G/
Manila(ol)/1992/1:0/40/}) 6... cxd5 7. g3 Bg7 8. Bg2 O-O 9. O-O e6 10. Bg5 $14
{Yermolinsky,A-Kogan,B/Asheville/1992/}) (5... e6 {Belov} 6. Bf4 Be7 7. e3 b5
8. cxb5 cxb5 9. Bd3 Bb7 10. O-O Nc6 11. a4 b4 12. Na2 O-O 13. Nc1 Nxe5 14. Bxe5
Nd7 15. Bg3 Nb6 16. Nb3 Nc4 17. Qe2 a5 18. Rfc1 Ba6 19. Nd2 $14 {Alterman,
B-Vainstein,V/ISR(ch)/1992/1:0/52/}) 6. Bf4 (6. cxd5 cxd5 (6... Nxe5 7. dxe5
Nxd5) 7. Bf4 e6 8. e3 b5 9. Bd3 Bb7 10. O-O Be7 11. a4 b4 12. Na2 $14 {
Gelfand-Shirov, Chalkidiki Afitos 1993} (12. Ne2 Rc8 13. a5 O-O 14. Nc1 Nxe5
15. Bxe5 Ne4 16. Nb3 $14 {Huebner,R-Pieper,T/Emden/1991})) (6. g3 $5) (6. g3 $5
e6 {Belov} (6... dxc4 7. Nxc4 b5 {(Yermolinsky,A-Khmelnicky,I/Somerset/1992/1:
0/43/)} 8. Nd2 e5 9. Nb3 exd4 10. Nxd4 c5 11. Nc6 Qb6 12. Bg2 Bb7 13. Nd5 Nxd5
14. Qxd5 Be7 15. Qe4 Bxc6 16. Qxc6 $14 {Yermolinsky/}) (6... Nxe5 7. dxe5 Ne4
8. Nxe4 dxe4 9. Qxd8+ Kxd8 10. Bf4 Bf5 11. O-O-O+ Ke8 12. Bg2 e6 13. Be3 $14 {
Davies,N-Velicka,P/Budapest(9)/1993/1:0/38/}) 7. Bg2 (7. Nxd7 Bxd7 8. Qb3 b5 9.
cxd5 cxd5 $10 {Tratar,M-Barle,J/Maribor Pirc(08)/1994/0,5/19/}) 7... Nxe5 8.
dxe5 Nd7 9. cxd5 cxd5 10. f4 Bc5 11. e4 d4 12. Nb1 $13 {Komarov,D-Kirov,N/FRA/
1993/} Qa5+ 13. Bd2) 6... e6 (6... Nxe5 7. dxe5 (7. Bxe5 $5) 7... Ne4 8. Nxe4
dxe4 9. Qxd8+ Kxd8 10. O-O-O+ Ke8 11. f3 Be6 12. e3 Rd8 $10 {Huebner-Bagirov,
Bundesliga 1993/94}) 7. e3 Nxe5 8. Bxe5 (8. dxe5 Ne4 (8... Nd7 9. cxd5 cxd5 10.
Bd3 $14) 9. Nxe4 dxe4 10. Qxd8+ Kxd8 11. O-O-O+ Ke8 12. g4 $16) 8... Be7 (8...
Bd6 $6 {Belov} 9. Bxd6 Qxd6 10. c5 Qe7 11. f4 $14 {Gavrikov,V-Nikolic,Pr/
Horgen/1994}) 9. Bd3 b5 10. cxd5 cxd5 11. O-O O-O (11... Bb7 $5 {Belov}) 12. a4
bxa4 (12... b4 $142 13. Na2 {Belov} Bb7 14. Nc1 a5 15. Nb3 $14) 13. Nxa4 a5 (
13... Bb7 {Belov} 14. Qb3 Bc6 15. Nb6 $16) 14. Qe2 Bd6 (14... Bd7 {Belov} 15.
Rfc1 Bxa4 16. Rxa4 Bb4 $5) 15. f4 Bb4 (15... Bxe5 {Belov} 16. fxe5 Nd7 17. Rac1
f6 18. Qh5 f5 $16) 16. Rac1 Ne8 (16... Ne4 $5) 17. Qh5 g6 (17... f5 18. Nc5 $14
(18. Rc2 {Belov} Bd7 19. Nc5 $16)) 18. Rf3 f6 (18... f5 19. Rg3 Ra7 (19... Qe7
{Belov} 20. Nb6 $18) (19... Rf7 20. Rxg6+ hxg6 21. Qh8#) 20. Nc5 $16) (18...
Ra7 {Belov} 19. Qxh7+ Kxh7 20. Rh3+ Kg8 21. Rh8#) (18... Nf6 {Belov} 19. Qh4
Nh5 (19... Kg7 20. Rh3 h5 21. Rg3 Rh8 22. Qg5 $18) 20. Qxh5 gxh5 21. Rg3+ $18)
(18... gxh5 {Belov} 19. Rg3+ $18) 19. Bxg6 hxg6 20. Qxg6+ Ng7 21. Rc7 Bd7 (
21... Be7 22. Rg3 Rf7 23. Rh3 $18 (23. Bxf6 Qxc7 24. Bxg7 Qc1+ 25. Kf2 Qd2+ 26.
Kf3 Qd1+ $10) 23... Rf8 24. Rh7 Rf7 25. Bxf6) 22. Nb6 Qe8 $2 (22... Rf7 $142
23. Rh3 (23. Nxa8 fxe5 24. fxe5 Rxf3 25. gxf3 Bf8 $13) (23. Nxd7 fxe5 24. Rh3
Rxd7 $13) (23. Rxd7 Rxd7 24. Nxd7 (24. Bxf6 Qxb6 25. Rh3 Bf8 $19) 24... Qxd7
25. Bxf6 Bf8 $13) 23... fxe5 24. Qh7+ Kf8 25. Qh8+ (25. Nxd7+ Rxd7 26. Rxd7
Qxd7 27. fxe5 (27. Qh8+ Kf7 28. Qxa8 exd4 $13) 27... Rc8 28. Rf3+ Ke7 29. Qxg7+
Kd8 30. Rf7 Rc1+ $13) (25. Nxa8 exf4 $13) 25... Ke7 26. Rxd7+ Qxd7 27. Qh4+ $13
) 23. Qh6 Nf5 (23... Qh5 24. Qxh5 Nxh5 25. Nxa8 (25. Nxd7 Rf7 26. g4 fxe5 27.
gxh5 Rd8 $17) 25... Bb5 26. Nb6 fxe5 27. fxe5 Rxf3 28. gxf3 Ng7 29. e4 dxe4 30.
fxe4 Bd3 31. d5 $18) (23... fxe5 24. Rxd7 (24. Nxd7 Qe7 25. Nxf8 Qxc7 26. Qh7+
Kxf8 27. fxe5+ Ke8 28. Qg8+ Kd7 29. Rf7+ Be7 30. Qxa8 (30. Rxe7+ Kxe7 31. Qxg7+
Kd8 32. Qf8+ Kd7 33. Qxa8 Qc1+ 34. Kf2 Qd2+ 35. Kf3 Qd1+ 36. Kg3 Qe1+ 37. Kh3
Qxe3+ 38. g3 Qh6+ $10) 30... Qc1+ 31. Rf1 Qxe3+ 32. Kh1 Nf5 $13 (32... Qxd4 33.
Rc1 $18)) 24... Be7 (24... Rf7 25. Rxf7 Qxf7 26. Nxa8 $18 (26. fxe5 $18)) 25.
Rg3 Qf7 (25... Rf7 26. Rh3 Rf5 27. Qh7+ Kf8 28. Rg3 Qf7 29. Nxa8 $18) 26. Nxa8
$18 (26. Rh3 Qf5 $13 (26... Qf6 27. Qh7+ Kf7 28. fxe5 $18))) 24. Rg3+ Nxg3 25.
Nxd7 Qh5 (25... Rf7 {Belov} 26. Nxf6+ Rxf6 27. Qg7#) (25... Nf5 {Belov} 26.
Nxf6+ Rxf6 27. Qh7+ Kf8 28. Qh8#) 26. Nxf6+ (26. Nxf6+ {Belov} Rxf6 27. Qg7#)
1-0

[Event "RUS-Cup03 Geller Memorial"]
[Site "Moscow"]
[Date "1999.02.10"]
[Round "1"]
[White "Donchenko, Anatoly G"]
[Black "Volkov, Sergey"]
[Result "1-0"]
[WhiteElo "2382"]
[BlackElo "2587"]
[Annotator "Huebner,R"]
[PlyCount "125"]
[EventDate "1999.02.10"]
[EventType "swiss"]
[EventRounds "9"]
[EventCountry "RUS"]
[SourceTitle "CBM 070"]
[Source "ChessBase"]
[SourceDate "1999.06.08"]
[SourceVersion "1"]
[SourceVersionDate "1999.06.08"]
[SourceQuality "1"]

1. Nf3 d5 2. d4 c6 3. c4 Nf6 4. cxd5 cxd5 5. Nc3 Nc6 6. Bf4 a6 7. Rc1 Ne4 8. e3
Nxc3 9. bxc3 Bf5 10. Bd3 Bxd3 11. Qxd3 e6 12. O-O Na5 (12... Bd6 $11) 13. Nd2
b5 (13... Bd6 14. Bxd6 Qxd6 15. c4 dxc4 16. Nxc4 Nxc4 17. Rxc4 O-O $11) 14. a4
bxa4 15. c4 Bb4 16. cxd5 Qxd5 {Zu gefährlich für Schwarz ist die Fortsetzung} (
16... Bxd2 17. Rc7 (17. Qxd2 Nb3 18. Qc3 Nxc1 19. Qc6+ Kf8 20. Rxc1 exd5 $17)
17... Nb3 18. dxe6 fxe6 19. Qc4 Qd5 20. Qxa4+ Qb5 21. Qa3 Qb4 22. Qa2 ({Auch} 
22. Qxb4 Bxb4 23. Rb1 Ba5 24. Rxg7 Nd2 25. Rc1 (25. Rbb7 Bd8 26. f3 a5 $13)
25... h5 26. Rc6 Kf8 27. Rb7 {führt zum Vorteil für Weiß.}) 22... a5 23. Qc2 {
mit entscheidendem Angriff.}) ({Nach} 16... exd5 17. Rc7 O-O 18. Nf3 h6 19. Qf5
{erhält Weiß die Initiative.}) 17. e4 Qb5 18. Qg3 O-O $2 {Nach diesem Zug
verliert Schwarz die Qualität, ohne genügenden Ersatz dafür zu bekommen.
Angewiesen war} (18... g6 {. Nach} 19. Be5 (19. Rb1 Nc6) 19... Rf8 (19... O-O
20. Qh4 f6 21. Rc7 {ist ungesund für Schwarz.}) ({Nach} 19... f6 20. Qh3 (20.
Bxf6 Rf8 21. Bg5 Bxd2 22. Bxd2 Nb3 23. Qd6 Qd7 24. Qxd7+ Kxd7 25. Rcd1 Rfc8 {
erreicht Schwarz ein günstiges Endspiel.}) 20... fxe5 21. Qxe6+ Kd8 22. Qf6+
Kd7 23. Nf3 {steht Weiß auf Gewinn.}) 20. Rb1 Nc6 {entsteht eine schwer zu
beurteilende Lage:} 21. Bd6 {wird mit} Nxd4 {pariert.}) 19. Bh6 g6 20. Bxf8
Bxd2 21. Rc2 Rxf8 22. Rxd2 Nb3 23. Rd3 Rd8 24. d5 (24. Qe3 {war genauer.})
24... exd5 25. exd5 Rxd5 26. Rxd5 Qxd5 27. Qb8+ Kg7 28. Qb4 Qc6 29. Rd1 a5 30.
Qe7 h5 31. f3 Qb6+ 32. Kf1 Qb5+ 33. Kf2 Qb6+ 34. Kg3 Qf6 35. Qxf6+ Kxf6 36. Rd3
Ke5 37. Kf2 Nc5 {Schwarz verfolgt einen verfehlten Plan. Er möchte seinen
König zum Damenflügel bringen; aber der König des Weißen läuft mit und hält
die a-Bauern auf, während der Turm des Weißen die Königsflügelbauern des
Schwarzen angreift. Bessere Remisaussichten bot} (37... g5 {mit dem Ziel,
Bauerntäusche am Königsflügel zu erreichen.}) 38. Rd2 Nb3 39. Ra2 Nc5 40. Ke3
Kd5 41. Kd2 Kd4 42. h4 Kc4 43. Kc2 Kb4 44. Rb2+ Nb3 45. Rb1 Kc4 46. Kb2 Nc5 47.
Ka3 Kd4 48. Re1 f6 49. Re8 g5 50. Rh8 Ke3 51. Rxh5 Ne6 52. Rh8 Kf4 53. h5 g4
54. fxg4 Kxg4 55. h6 Kh5 56. Kxa4 Kg6 57. Kxa5 Ng5 58. Kb4 Nf7 59. Rg8+ Kxh6
60. Kc3 Kh5 61. Kd2 Nh6 62. Rh8 Kg5 63. Ke3 1-0

[Event "Dos Hermanas 10th"]
[Site "Dos Hermanas"]
[Date "1999.04.06"]
[Round "1"]
[White "Illescas Cordoba, Miguel"]
[Black "Topalov, Veselin"]
[Result "1/2-1/2"]
[WhiteElo "2585"]
[BlackElo "2700"]
[Annotator "Huebner,R"]
[PlyCount "83"]
[EventDate "1999.04.06"]
[EventType "tourn"]
[EventRounds "9"]
[EventCountry "ESP"]
[EventCategory "19"]
[SourceTitle "CBM 071"]
[Source "ChessBase"]
[SourceDate "1999.08.01"]
[SourceVersion "1"]
[SourceVersionDate "1999.08.01"]
[SourceQuality "1"]

1. Nf3 d5 2. d4 Nf6 3. c4 c6 4. cxd5 cxd5 5. Nc3 Nc6 6. Bf4 a6 7. Rc1 Bf5 8. e3
e6 9. Qb3 Ra7 10. Ne5 Be7 {Nach dem Textzug kommt Schwarz in Schwierigkeiten.
Solider ist} (10... Nxe5 11. Bxe5 Nd7 12. Bg3 Be7 13. Be2 O-O 14. O-O $14 {
1-0 Cifuentes Parada,R-Bravo,N/Terrasa 1995/EXT 98 (34)}) 11. Nxc6 bxc6 12. Be2
Nd7 13. O-O c5 14. Qa4 Qb6 15. dxc5 Bxc5 16. b4 Qxb4 (16... Be7 17. Be5 {
ist nicht besser.}) 17. Qxb4 Bxb4 18. Nxd5 Bc5 19. Nc7+ ({Die Fortsetzung} 19.
Bd6 exd5 20. Bxc5 Nxc5 21. Rxc5 Be6 22. Rd1 {bot möglicherweise bessere
Gewinnaussichten.}) 19... Ke7 20. Nxa6 Ba3 21. Rc3 Bb2 22. Rb3 Be5 23. Nb4 Rc8
24. Bxe5 Nxe5 25. f4 Nd7 26. Bf3 Kf8 27. e4 Bg6 28. Rd1 f6 29. a3 Rac7 30. Rbd3
Nc5 31. Re3 Na4 32. e5 Nb2 33. Ra1 Rc1+ 34. Re1 Rxa1 35. Rxa1 fxe5 36. fxe5 Rc5
37. a4 Rc4 38. a5 Rxb4 39. a6 Ra4 40. Rxa4 Nxa4 41. a7 Nb6 42. Kf2 1/2-1/2

[Event "Interzonal-16"]
[Site "Biel"]
[Date "1993.??.??"]
[Round "11"]
[White "Portisch, Lajos"]
[Black "Kramnik, Vladimir"]
[Result "0-1"]
[WhiteElo "2585"]
[BlackElo "2710"]
[Annotator "Kramnik,V"]
[PlyCount "84"]
[EventDate "1993.07.16"]
[EventType "swiss"]
[EventRounds "13"]
[EventCountry "SUI"]
[SourceTitle "CBM 037"]
[Source "ChessBase"]
[SourceDate "1993.12.01"]
[SourceVersion "1"]
[SourceVersionDate "1993.12.01"]
[SourceQuality "1"]

1. d4 {Hertneck} d5 2. c4 c6 3. cxd5 cxd5 4. Nf3 Nf6 5. Nc3 Nc6 6. Bf4 Ne4 $5
7. e3 Nxc3 8. bxc3 g6 $1 9. Be2 (9. c4 Bg7 10. cxd5 Qxd5 11. Be2 Qa5+ 12. Qd2
O-O {Ehlves,J-Neverov/Helsinki op/1992/}) (9. Bd3 $5 Bg7 10. O-O O-O 11. e4 $14
) (9. Ne5 {Hertneck} Qa5 10. Qb3 Bg7 11. Nxc6 $6 (11. Bb5) 11... bxc6 12. a3 $6
e5 $132 {Eingorn,V-Dorfman,J/Moskva GMA/1990}) 9... Bg7 10. O-O O-O 11. c4 dxc4
12. Bxc4 Bf5 (12... Bg4 13. h3 (13. Be2 $14 {Hertneck}) 13... Bxf3 14. Qxf3 e5
15. dxe5 Nxe5 16. Bxe5 Bxe5 17. Rad1 Qe7 18. Bd5 Rab8 $10) (12... a6 $5) 13.
Rc1 Rc8 14. Qe2 (14. Qa4 {Hertneck}) 14... a6 (14... Na5 15. Bd3 Bxd3 16. Qxd3
Qd7 17. Qa3 $1 $14) 15. h3 $2 (15. Rfd1) (15. d5 $1 Na5 (15... b5 $5 16. Bb3 $1
(16. dxc6 bxc4 17. e4 (17. c7 Qd3) 17... Be6 $13) 16... Na5 17. e4 $14) 16. e4
$14) 15... Na5 16. Bd3 Bxd3 17. Qxd3 Qd7 18. Rc3 (18. e4 Qa4) (18. Qa3 Nc4 19.
Qb4 (19. Qb3 b5 $15) 19... b5 20. a4 Nb6 21. axb5 Nd5 $15) 18... b5 $1 $15 19.
Rfc1 (19. Ra3 $2 Nc4 $1 20. Rxa6 $2 Qb7) (19. Rxc8 $5 Rxc8 20. Qa3 Qd8 21. e4)
19... Nc4 20. Qe2 (20. Nd2 e5 $1 21. dxe5 Qxd3 22. Rxd3 Nxe5 23. Rxc8 Rxc8 $17)
(20. e4 f5 $1) 20... Nb6 $1 (20... e6 21. a4 $1) 21. Rc7 $6 (21. Be5 $5 $15)
21... Qe6 22. Bg5 $6 (22. e4 $6 Rxc7 $6 23. Bxc7 (23. Rxc7 $2 Nd5) 23... Rc8
24. Bf4 Rxc1+ 25. Bxc1 Qc6 (25... f5 $5) 26. Bf4 e6 {/\ a5,b4-/+}) (22. Ng5 Qf5
23. g4 $2 Rxc7 24. Rxc7 Qb1+ 25. Kg2 Nd5) (22. Be5 $5) 22... Nd5 23. R7c5 (23.
Rxc8 Rxc8 24. Rxc8+ Qxc8 25. e4 Nc3 $17) 23... h6 24. Bh4 b4 $1 $17 25. Qb2 (
25. Qc4 Rxc5 26. Qxc5 (26. dxc5 Nc3 27. Qxe6 fxe6 28. Rc2 g5 29. Bg3 Rc8) 26...
Nc3 27. Rc2 $8 Qe4 $5 $17) 25... Nc3 26. Rxc8 Rxc8 27. Kh1 Kh7 $3 {/\ Na4} (
27... a5 28. a3 $1 Na4 29. Rxc8+ Qxc8 30. Qb3 Qc1+ 31. Kh2 Qxa3 32. Qd5 $1 $132
) 28. Ra1 $8 a5 29. Qb3 $1 (29. Nd2 $1 $17) 29... Qxb3 30. axb3 g5 31. Bg3 a4
$1 $19 32. Nd2 (32. bxa4 b3 33. Nd2 b2 34. Re1 Nxa4 $19) 32... a3 33. Rc1 (33.
Nc4 Rxc4 34. bxc4 a2 $19) 33... e5 $1 (33... f5 $5 {/\ f4}) 34. d5 (34. Bxe5
Bxe5 35. dxe5 Rd8 36. Nc4 Rd1+ 37. Rxd1 Nxd1 $19) 34... a2 35. Ra1 e4 36. d6
Ra8 37. Nc4 (37. d7 Rd8 $19) 37... Nb5 38. Be5 Nxd6 $1 39. Rxa2 $8 Rxa2 40.
Bxd6 Rxf2 41. Bxb4 Rf1+ 42. Kh2 Rb1 0-1